000 00999nam a22003257a 4500
003 CHAP
005 20220329133412.0
008 110802s1986 mx r 00010 spa d
010 _a5957
011 _a6929
020 _a9682911060
035 _a6152
040 _cCHAP
082 0 4 _a331.544
_bZ14
100 0 0 _aZamora, Emilio.
_9123540
245 1 3 _aEl movimiento obrero mexicano en el sur de Texas 1900 - 1920
_c/por Emilio Zamora
260 _aMéxico, D.F. :
_bSEP,
_c1986
300 _a205 p. :
_bcuadros
490 0 _aFrontera
590 _aBATCH-UPD
_b10
_c20130110
_lUCH01
_h1336
590 _aCONVERSION
_b10
_c20130109
_lUCH01
_h1304
650 1 4 _aMovimiento laboral.
_979158
650 1 4 _aMovimientos sociales.
_979169
650 1 4 _aTrabajadores migratorios.
_9114475
650 1 4 _aTrabajo y trabajadores
_xTexas.
_9114551
830 0 _aFrontera
_943561
901 _aBK
942 _cLIBRO
949 _a331.544 Z14
_bBC
_cLIBRO
_d33724000304432
_eLIBRO
_gI. c/e
_h82860
_i6152
_si
_t$10.00
999 _c5957
_d5957